000 01385nam a2200337Ia 4500
999 _c5222
_d5222
003 OSt
005 20200514232259.0
008 191128s2009 ck a gr 000 0 spa d
020 _a9789588307664
040 _aCO-JMCR
_cCO-JMCR
041 1 _aspa
_heng
082 0 4 _a328.3413 /
_bS793f
_223
100 1 _aStapenhurst, Rick,
_eeditor
_94370
245 1 0 _aFiscalización legislativa y presupuesto :
_buna perspectiva mundial /
_cRick Stapenhurst, Riccardo Pelisso y David M. Olson editores [y otros] ; traducción al castellano Ignacio Caviedes H.
250 _aPrimera edición
260 _aBogotá :
_bBanco Mundial : Mayol,
_c2009
300 _axix, 360 páginas :
_bilustraciones a blanco y negro ;
_c23 cm.
490 0 _aEstudios del Instituto del Banco Mundial sobre desarrollo
505 0 _aPanorama general -- La fiscalización y el proceso de presupuesto -- Estudios de países
534 _pLegislativer oversight and budgeting. A world perspective
546 _aTraducido del inglés
650 1 4 _aPresupuesto público
_94371
650 1 4 _aProceso presupuestal
_94372
650 1 4 _aFiscalización
_94373
650 1 4 _aControl presupuestal
_94374
650 1 4 _aAuditoría fiscal
_94375
700 1 _aPelisso, Riccardo,
_eeditor
_94376
700 1 _aOlson, David M.,
_eeditor
_94377
700 1 _aCaviedes H., Ignacio,
_etraductor
_94378
942 _2ddc
_cBK